| 000 | 00412nam a2200133 4500 | ||
|---|---|---|---|
| 999 |
_c13269 _d13269 |
||
| 008 | 190221b ||||| |||| 00| 0 eng d | ||
| 082 | _aDPer 050 T48 Apr-June 2016 v. 187 | ||
| 100 |
_937078 _aBegley, Sarah |
||
| 245 |
_aHow America got hooked on guns/ _cSarah Begley |
||
| 260 |
_aHong Kong; _bTime Asia, _cc2016. |
||
| 300 |
_av187 n15, page 18: _billustrations; _c27cm. |
||
| 650 |
_a2 _937079 |
||
| 942 |
_2ddc _cPER |
||